The new shorter Oxford English dictionary on historical principles : V.1 : A-M.

Spremljeno u:
Bibliografski detalji
Format: Knjiga
Jezik:English
Izdano: Oxford : Clarendon Press, 1993.
Teme:
Oznake: Dodaj oznaku
Bez oznaka, Budi prvi tko označuje ovaj zapis!
Thư viện lưu trữ: Mạng thư viện Đại học Đà Nẵng
LEADER 00851cam a2200313 i 4500
001 000045524
003 4708
005 20030228103720.0
008 010220|1993 vm 000 eng
020 |a 019861134X 
040 |a IRC  |c IRC  |d IRC 
041 0 |a eng 
082 1 4 |a 423  |b Ne-S 
245 0 4 |a The new shorter Oxford English dictionary on historical principles :  |n V.1 :  |p A-M. 
260 |a Oxford :  |b Clarendon Press,  |c 1993. 
300 |a 2v. ([xxvii], 3801p.) 
630 0 4 |a English dictionaries. 
650 0 4 |a English language  |v Dictionaries. 
650 0 4 |a English language  |x Etymology  |v Dictionaries. 
OWN |a DUT 
999 |a From the UDN01 
TYP |a Monograph 
TYP |a Printed language 
980 |a Mạng thư viện Đại học Đà Nẵng